000 00981cam a22002054a 4500
005 20250605164128.0
008 250528s ||||||||||||||||||||||||d
035 _a18514
020 _a135208912
040 _aGR-AtMCL
_bgre
_dGR-AtMCL
_eAACR2
245 1 _aEngineering Problem Solving with Matlab / Second Edition
250 _a2nd
260 _bPrentice Hall International,
_c1997
300 _a332
520 _aFundamental Engineering Computing, Engineering Problem Solving, MATLAB Environment, MATLAB Functions, Linear Algebra and Matrices, Numerical Techniques, Solutions to Systems of Linear Equations, Interpolation and Curve Fitting, Numerical Integration and Differentiation, Ordinary Differential Equations, Special Topics, Symbolic Mathem,atics, Sigmal Processing, Control Systems, Appendix A: MATLAB Function Summary, Complete Solutions to Practice Problems, Index.
700 1 _aEtter Delores M
_94779
942 _cBK
999 _c3872
_d3872